| 000 | 00000nam##2200000za#4500 |
| 001 | 9.578772 |
| 003 | CaOODSP |
| 005 | 20210624190238 |
| 007 | cr ||||||||||| |
| 008 | 150406|2012||||xxc|||||o f|0| 0 eng|d |
| 040 | |aCaOODSP|beng |
| 043 | |an-cn--- |
| 086 | 1 |aFs3-5/2012-03E-PDF |
| 110 | 1 |aCanada. |bDepartment of Fisheries and Oceans. |
| 245 | 10|aExamination of yellowtail flounder ages in NEFSC scallop survey : |h[electronic resource]|bcan age-length keys be borrowed from other surveys? / |c[by] Christopher M. Legault and Sarah Emery. |
| 260 | |aOttawa - Ontario : |bFisheries and Oceans Canada |
| 300 | |a12p.|bgraphs, map, references, table |
| 490 | 1 |aTransboundary Resource Assessment Committee reference document|v2012/03 |
| 500 | |aIncorrect French issue number (Document de référence 2011/03) printed in this publication. |
| 546 | |a(Résumé en français) |
| 590 | |a14-12-Supp|b2014-05-30 |
| 830 | #0|aTransboundary Resource Assessment Committee reference document ;|v2012/03|w(CaOODSP)9.507742 |
| 856 | 40|ahttp://publications.gc.ca|qPDF|s182 KB|uhttps://publications.gc.ca/collections/collection_2014/mpo-dfo/Fs3-5-2012-03-eng.pdf|y2012/03 |